000 00411nam a2200181Ia 4500
001 4664
005 20260306145812.0
008 260306t2014||||xx |||||||||||||| ||spa||
041 _aESP
082 _a330
_bG77
100 _aGraue, Ana
_eAUT
245 0 _aIntroducción a la economía
260 _c2014
300 _a548 páginas :
_c27 cm.
650 _aGEN
654 _aCAN
942 _cLIB
_dJUS
_fJUS
_2ddc
_n
999 _c4664
_d4664